000 00348nam a2200121Ia 4500
008 210430s9999 xx 000 0 und d
082 _a621.31244 D995 D
100 _aK.Kalyanasundaram
_954182
245 _aFundamental Sciences Dye-Sensitized Solar Cells
_cK.Kalyanasundaram
260 _aUK
_bCRC Press
_c2010
300 _a604p
942 _cBK
_2ddc
999 _c564661
_d564661